000 01046nam a22003257a 4500
001 BR0906035
003 BR-BrBNA
005 20230928103103.0
007 ta
008 230509b bl.||||| |||| 00| 0 por d
040 _aBR-BrBNA
_bpor
_cBiblioteca Nacional de Agricultura
041 _a(Por)
072 _aF40; F62; F63
_b3295
090 _ 3295 BR0906035
100 1 _aBarbosa, A.A.A.
110 1 _aUniversidade de Brasília, DF (Brasil). Inst. de Ciências Biológicas
_0Tese (Mestre em Ecologia)
_910485
245 1 _aAspectos da ecologia reprodutiva de três espécies de qualea (Vochysiaceae)num cerrado de Brasília-DF
260 3 _aBrasília, DF (Brasil):
_c1983.
300 _a92 p.
500 _aSummaries (Eng, Por); Bibliography p. 79-89; 12 illus.
650 _aPAU-TERRA
650 _aQUALEA QUANDIFLORA
650 _aÁRVORE ANGIOSPERMA
650 _aECOLOGIA VEGETAL
650 _aFENOLOGIA
650 _aREPRODUÇÃO VEGETAL
650 _aCRESCIMENTO
909 _a202309
_bLucia
_c55
_dLucia Elande
942 _cBK
999 _c73662
_d73662